[Event "2. Bundesliga West 2008/2009"]
[Site "Jenbach"]
[Date "2008.10.18"]
[Round "2"]
[Board "2"]
[White "Gross, David"]
[Black "Fuchs, Georg"]
[Result "1-0"]
[WhiteElo "2485"]
[BlackElo "2231"]
[PlyCount "57"]
[EventDate "2008.10.17"]
[EventType "team"]
[EventRounds "11"]
[EventCountry "AUT"]
[WhiteTeam "Mayrhofen/Zillertal"]
[BlackTeam "Schwaz"]

{1056MB, Fritz9.ctg}  1.e4 e5 2.Nf3 Nf6 3.Nxe5 d6 4.Nf3 Nxe4 5.Nc3 Nxc3 6.dxc3
Be7 7.Be3 Nc6 8.Qd2 Be6 9.O-O-O Qd7 10.Kb1 a6 11.Ng5 Bxg5 12.Bxg5 f6 13.Be3
O-O-O 14.b3 d5 15.h4 Bf5 16.h5 h6 17.f3 Rhe8 18.Rh4 Qd6 19.Bf2 Re6 20.Kb2 Ne7
21.Bg1 Bh7 22.Bh2 Qb6 23.Rg4 Rg8 24.c4 Bf5 25.Rd4 c5 26.cxd5 Rd8 27.Qc3 Red6
28.Bxd6 Qxd6 29.b4

[Event "2. Bundesliga West 2008/2009"]
[Site "Jenbach"]
[Date "2008.10.18"]
[Round "2"]
[Board "4"]
[White "Tabernig, Bernhard"]
[Black "Riedl, Johannes"]
[Result "1/2-1/2"]
[WhiteElo "2299"]
[BlackElo "2145"]
[PlyCount "134"]
[EventDate "2008.10.17"]
[EventType "team"]
[EventRounds "11"]
[EventCountry "AUT"]
[WhiteTeam "Mayrhofen/Zillertal"]
[BlackTeam "Schwaz"]

{1056MB, Fritz9.ctg}  1.d4 Nf6 2.c4 e6 3.Nf3 b6 4.g3 Bb4+ 5.Bd2 Be7 6.Bg2 Ba6
7.Qa4 O-O 8.Nc3 c6 9.Bf4 Bb7 10.O-O d5 11.cxd5 exd5 12.Ne5 Nfd7 13.b4 Nxe5
14.Bxe5 b5 15.Qb3 a5 16.Bxb8 Qxb8 17.a3 axb4 18.axb4 Qd6 19.Rab1 Bc8 20.Rfd1 Bf5
21.Rb2 Ra6 22.e4 dxe4 23.Nxe4 Bxe4 24.Bxe4 Ra4 25.Qc2 Rxb4 26.Rxb4 Qxb4 27.Qxc6
Qc4 28.Bxh7+ Kh8 29.Qe4 Bf6 30.Bf5 g6 31.Bg4 Rd8 32.Be2 Qd5 33.Qxd5 Rxd5 34.Rb1
Bxd4 35.Kg2 Kg7 36.Bxb5 Rc5 37.Bd3 Rc3 38.Rd1 Bb6 39.h4 Rb3 40.Rd2 Ba5 41.Ra2
Rxd3 42.Rxa5 Kh6 43.g4 Rb3 44.f3 Kg7 45.Kg3 Rc3 46.h5 gxh5 47.Rxh5 Ra3 48.Rb5
Rc3 49.Rb6 Ra3 50.g5 Ra1 51.Kg4 Ra4+ 52.f4 Rc4 53.Rd6 Ra4 54.Rd5 Rb4 55.Kf5 Rb6
56.Ke4 Ra6 57.f5 Ra1 58.Rd7 Re1+ 59.Kf4 Rf1+ 60.Ke5 Re1+ 61.Kd6 Rb1 62.f6+ Kg6
63.Ke7 Kxg5 64.Rd2 Ra1 65.Kxf7 Ra7+ 66.Ke6 Ra6+ 67.Ke7 Ra7+

[Event "2. Bundesliga West 2008/2009"]
[Site "Jenbach"]
[Date "2008.10.18"]
[Round "2"]
[Board "5"]
[White "Kondrak, Christof"]
[Black "Schiestl, Josef"]
[Result "1-0"]
[WhiteElo "2148"]
[BlackElo "2147"]
[PlyCount "61"]
[EventDate "2008.10.17"]
[EventType "team"]
[EventRounds "11"]
[EventCountry "AUT"]
[WhiteTeam "Schwaz"]
[BlackTeam "Mayrhofen/Zillertal"]

{1056MB, Fritz9.ctg}  1.d4 Nf6 2.Nf3 g6 3.h3 Bg7 4.Bf4 d6 5.c4 O-O 6.Nc3 Nfd7
7.e3 e5 8.Bh2 Nc6 9.Be2 h6 10.a3 f5 11.Nd5 Ne7 12.Rc1 c6 13.Nc3 e4 14.Nd2 Nf6
15.b4 Be6 16.b5 Qd7 17.Nb3 g5 18.bxc6 bxc6 19.c5 d5 20.Na5 Ne8 21.Rb1 f4 22.Rb7
Qd8 23.Qa4 Bc8 24.Rxe7 Qxe7 25.Qxc6 Nf6 26.Qxa8 Qc7 27.Nb3 Be6 28.Nb5 Qb8
29.Qxb8 Rxb8 30.exf4 Rb7 31.Na5

[Event "2. Bundesliga West 2008/2009"]
[Site "Jenbach"]
[Date "2008.10.18"]
[Round "2"]
[Board "6"]
[White "Platzgummer, Fabian"]
[Black "Angerer, Helmut"]
[Result "1-0"]
[WhiteElo "2187"]
[BlackElo "2141"]
[PlyCount "47"]
[EventDate "2008.10.17"]
[EventType "team"]
[EventRounds "11"]
[EventCountry "AUT"]
[WhiteTeam "Mayrhofen/Zillertal"]
[BlackTeam "Schwaz"]

{1056MB, Fritz9.ctg}  1.e4 b6 2.d4 Bb7 3.Bd3 e6 4.Nf3 d5 5.e5 Qd7 6.Qe2 a5 7.O-O
Ba6 8.Be3 Ne7 9.b3 Bxd3 10.Qxd3 Nbc6 11.c4 Nf5 12.Nc3 Nb4 13.Qd2 Be7 14.a3 Na6
15.Qd3 c6 16.cxd5 exd5 17.b4 Nxe3 18.fxe3 axb4 19.axb4 b5 20.e4 Bxb4 21.e6 Qxe6
22.exd5 Qf6 23.Qe3+ Kf8 24.Ne5

[Event "2. Bundesliga West 2008/2009"]
[Site "Vorarlberg"]
[Date "2008.10.18"]
[Round "2"]
[Board "4"]
[White "Amann, Guenter"]
[Black "Kranz, Armin"]
[Result "1-0"]
[WhiteElo "2330"]
[BlackElo "2168"]
[PlyCount "69"]
[EventDate "2008.10.17"]
[EventType "team"]
[EventRounds "11"]
[EventCountry "AUT"]
[WhiteTeam "Hohenems II"]
[BlackTeam "Goetzis"]

1.Nf3 Nf6 2.g3 b6 3.Bg2 Bb7 4.O-O c5 5.c4 e6 6.Nc3 a6 7.Re1 d6 8.e4 Nbd7 9.d4
cxd4 10.Nxd4 Qc8 11.Be3 Be7 12.Rc1 O-O 13.f4 Re8 14.f5 Ne5 15.fxe6 fxe6 16.Bh3
Bf8 17.Nd5 Nfg4 18.Nxb6 Nxe3 19.Rxe3 Qc5 20.Nxa8 Bxa8 21.b4 Qa7 22.Kh1 g6 23.Re1
d5 24.exd5 exd5 25.c5 Qb8 26.Qe2 Bg7 27.a3 Rf8 28.c6 Qb6 29.c7 Bb7 30.Rc5 Nd7
31.Bxd7 Bxd4 32.Qe6+ Qxe6 33.Bxe6+ Kg7 34.c8=Q Rxc8 35.Bxc8

[Event "2. Bundesliga West 2008/2009"]
[Site "Vorarlberg"]
[Date "2008.10.18"]
[Round "2"]
[Board "6"]
[White "Hillbrand, Johannes"]
[Black "Flatz, Lothar"]
[Result "0-1"]
[WhiteElo "1943"]
[BlackElo "2129"]
[PlyCount "84"]
[EventDate "2008.10.17"]
[EventType "team"]
[EventRounds "11"]
[EventCountry "AUT"]
[WhiteTeam "Hohenems II"]
[BlackTeam "Goetzis"]

1.e4 g6 2.d4 Bg7 3.f4 d6 4.Nf3 Nf6 5.Nc3 O-O 6.Bd3 Na6 7.Be3 Ng4 8.Bg1 c5 9.h3
cxd4 10.Bxd4 e5 11.Bg1 Nf6 12.fxe5 dxe5 13.Bc4 Qa5 14.Qe2 b5 15.Bxb5 Bb7 16.Bd3
Rfc8 17.Nd2 Nc5 18.Nc4 Qb4 19.a3 Nxd3+ 20.cxd3 Qe7 21.Bh2 Nd7 22.O-O Nc5 23.b4
Nb3 24.Rad1 a5 25.Nb5 axb4 26.Nbd6 Rxc4 27.Nxc4 bxa3 28.Qa2 Nd4 29.Nd6 Ne2+
30.Qxe2 Qxd6 31.Qa2 Qe7 32.Rb1 Bc8 33.Qd5 Qa7+ 34.Rf2 Be6 35.Qc6 a2 36.Ra1 Rc8
37.Qd6 Bf8 38.Qxe5 Bg7 39.Qxg7+ Kxg7 40.Be5+ Kf8 41.d4 Qa3 42.Kh2 Qe3

[Event "2. Bundesliga West 2008/2009"]
[Site "Vorarlberg"]
[Date "2008.10.18"]
[Round "2"]
[Board "1"]
[White "Herbrechtsmeier, Christof"]
[Black "Drabke, Lorenz"]
[Result "1-0"]
[WhiteElo "2305"]
[BlackElo "2474"]
[PlyCount "67"]
[EventDate "2008.10.17"]
[EventType "team"]
[EventRounds "11"]
[EventCountry "AUT"]
[WhiteTeam "Bregenz"]
[BlackTeam "Dornbirn"]

1.e4 c5 2.Nf3 e6 3.d4 cxd4 4.Nxd4 a6 5.Bd3 Nf6 6.O-O d6 7.f4 g6 8.Nc3 Bg7 9.Kh1
O-O 10.f5 b5 11.Bg5 Qb6 12.Nf3 Nbd7 13.Qe1 Bb7 14.Qh4 Rfe8 15.fxg6 fxg6 16.Rae1
Rf8 17.e5 dxe5 18.Be3 Qc6 19.Bg1 Nd5 20.Bxg6 hxg6 21.Ng5 Rf5 22.Qh7+ Kf8 23.Nce4
Nf4 24.Rxf4 exf4 25.Qxg6 Rxg5 26.Qxg5 e5 27.Rd1 Nf6 28.Nc5 Re8 29.h4 Kf7 30.h5
Re7 31.Qg6+ Kf8 32.Nxb7 Qxb7 33.Rd8+ Ne8 34.Bc5

[Event "2. Bundesliga West 2008/2009"]
[Site "Vorarlberg"]
[Date "2008.10.18"]
[Round "2"]
[Board "2"]
[White "Szakolczai, Peter"]
[Black "Poettinger, Harald"]
[Result "1-0"]
[WhiteElo "2251"]
[BlackElo "2207"]
[PlyCount "59"]
[EventDate "2008.10.17"]
[EventType "team"]
[EventRounds "11"]
[EventCountry "AUT"]
[WhiteTeam "Dornbirn"]
[BlackTeam "Bregenz"]

1.e4 e6 2.d4 d5 3.Bd3 c5 4.c3 dxe4 5.Bxe4 Nf6 6.Bf3 Nc6 7.Ne2 e5 8.Bxc6+ bxc6
9.O-O cxd4 10.cxd4 Bd6 11.dxe5 Bxe5 12.Qxd8+ Kxd8 13.Nbc3 Rb8 14.Rd1+ Kc7 15.f4
Bd6 16.h3 Re8 17.g4 Ba6 18.Ng3 Bb4 19.f5 Bxc3 20.bxc3 Nd5 21.Rd4 Rbd8 22.Rb1 c5
23.Ra4 Rd6 24.Bd2 c4 25.Ra5 Kd7 26.Kf2 Nc7 27.Bf4 Rb6 28.Rd1+ Kc6 29.Rd6+ Kb7
30.Rd7

[Event "2. Bundesliga West 2008/2009"]
[Site "Vorarlberg"]
[Date "2008.10.18"]
[Round "2"]
[Board "3"]
[White "Maier, Peter"]
[Black "Novkovic, Julia"]
[Result "1-0"]
[WhiteElo "2129"]
[BlackElo "2128"]
[PlyCount "97"]
[EventDate "2008.10.17"]
[EventType "team"]
[EventRounds "11"]
[EventCountry "AUT"]
[WhiteTeam "Bregenz"]
[BlackTeam "Dornbirn"]

1.d4 Nf6 2.c4 g6 3.Nc3 Bg7 4.e4 d6 5.Bd3 O-O 6.Nge2 e5 7.d5 a5 8.O-O Na6 9.b3
Nh5 10.Be3 f5 11.exf5 gxf5 12.f3 Qe8 13.a3 Nc5 14.Bc2 Rf7 15.Qd2 Kh8 16.b4 axb4
17.axb4 Rxa1 18.Rxa1 Na6 19.Rb1 Qg8 20.Kh1 Bf8 21.Bh6 Be7 22.f4 e4 23.Bg5 Bf8
24.Nd4 h6 25.Bh4 Qg4 26.g3 Qg6 27.Nd1 Be7 28.Bxe7 Rxe7 29.Ne3 Nf6 30.Qc3 Kh7
31.Bd1 h5 32.Be2 Rg7 33.Rg1 h4 34.Rg2 h3 35.Rg1 Nh5 36.Qe1 Qf6 37.Ndc2 Qh6
38.Bxh5 Qxh5 39.Rf1 Qe8 40.Nd4 Kg6 41.Rg1 Qh8 42.g4 fxg4 43.Ne6 Bxe6 44.dxe6 Kf6
45.f5 Ke7 46.Qc3 Rg8 47.Nd5+ Kd8 48.Rxg4 c6 49.Qf6+

[Event "2. Bundesliga West 2008/2009"]
[Site "Vorarlberg"]
[Date "2008.10.18"]
[Round "2"]
[Board "4"]
[White "Klocker, Benedikt"]
[Black "Juen, Leopold"]
[Result "0-1"]
[WhiteElo "2119"]
[BlackElo "1981"]
[PlyCount "98"]
[EventDate "2008.10.17"]
[EventType "team"]
[EventRounds "11"]
[EventCountry "AUT"]
[WhiteTeam "Dornbirn"]
[BlackTeam "Bregenz"]

1.e4 e5 2.Nf3 Nc6 3.Bb5 a6 4.Ba4 Nf6 5.O-O Be7 6.Re1 d6 7.h3 b5 8.Bb3 Na5 9.d4
Nxb3 10.axb3 Nd7 11.Nc3 Bb7 12.Nd5 Bf6 13.Nxf6+ Qxf6 14.Bg5 Qg6 15.Qd2 f6 16.Be3
Qxe4 17.Qa5 Rc8 18.c4 Qg6 19.d5 O-O 20.Red1 bxc4 21.bxc4 f5 22.b4 f4 23.Bc1 e4
24.Nd4 f3 25.g3 Qh5 26.Kh2 Ne5 27.Rh1 Nxc4 28.Qa4 Qxd5 29.Nc2 Qe6 30.Ne3 Ne5
31.Qa2 d5 32.Bb2 Nd3 33.Bd4 Rcd8 34.Rab1 c6 35.Kg1 Rb8 36.Qa5 Qe7 37.Bc3 Bc8
38.h4 Qa7 39.Qa1 Rf7 40.h5 h6 41.Bd4 Qb7 42.Qc3 Qb5 43.Nc2 a5 44.Na3 axb4
45.Nxb5 bxc3 46.Nxc3 Rxb1+ 47.Nxb1 c5 48.Bc3 d4 49.Bd2 Re7

[Event "2. Bundesliga West 2008/2009"]
[Site "Vorarlberg"]
[Date "2008.10.18"]
[Round "2"]
[Board "5"]
[White "Froewis, Annika"]
[Black "Kanonier, Clemens"]
[Result "1/2-1/2"]
[WhiteElo "1911"]
[BlackElo "2077"]
[PlyCount "127"]
[EventDate "2008.10.17"]
[EventType "team"]
[EventRounds "11"]
[EventCountry "AUT"]
[WhiteTeam "Bregenz"]
[BlackTeam "Dornbirn"]

1.e4 e5 2.Nf3 Nc6 3.d4 exd4 4.Bc4 Bc5 5.c3 Nf6 6.e5 d5 7.Bb5 Ne4 8.cxd4 Bb4+
9.Bd2 Nxd2 10.Nbxd2 O-O 11.Bxc6 bxc6 12.Qc2 c5 13.O-O cxd4 14.Nxd4 Bxd2 15.Qxd2
Bd7 16.Qc3 Rc8 17.Qc5 Re8 18.Rfe1 c6 19.Qxa7 c5 20.Nb3 Qc7 21.Qxc7 Rxc7 22.Rac1
Rec8 23.Re2 Bf5 24.f3 d4 25.g4 Be6 26.Rec2 d3 27.Rc3 c4 28.Nd2 f6 29.exf6 gxf6
30.b3 Bd5 31.bxc4 Kf7 32.Rxd3 Be6 33.a4 Ra7 34.Ra3 h5 35.h3 hxg4 36.fxg4 f5
37.g5 Kg6 38.Nf3 Rc5 39.Kf2 f4 40.h4 Rb7 41.Nd4 Bg4 42.Rb3 Rd7 43.Rb6+ Kh7
44.Nb3 Re5 45.Re1 Rxe1 46.Kxe1 Re7+ 47.Kf2 Re2+ 48.Kf1 f3 49.Rf6 Bh3+ 50.Kg1
Rg2+ 51.Kh1 Rg4 52.Nd2 Bg2+ 53.Kh2 Rxh4+ 54.Kg3 Rd4 55.Nxf3 Bxf3 56.Kxf3 Rxc4
57.Rf4 Rc5 58.Kg4 Ra5 59.Kh5 Kg7 60.Rb4 Ra7 61.g6 Ra5+ 62.Kg4 Kxg6 63.Rf4 Rg5+
64.Kf3

[Event "2. Bundesliga West 2008/2009"]
[Site "Vorarlberg"]
[Date "2008.10.18"]
[Round "2"]
[Board "6"]
[White "Natter, Markus"]
[Black "Ladner, Peter"]
[Result "1-0"]
[WhiteElo "2118"]
[BlackElo "1996"]
[PlyCount "111"]
[EventDate "2008.10.17"]
[EventType "team"]
[EventRounds "11"]
[EventCountry "AUT"]
[WhiteTeam "Dornbirn"]
[BlackTeam "Bregenz"]

1.e4 c6 2.Nc3 d5 3.g3 dxe4 4.Nxe4 Bf5 5.Qe2 Bxe4 6.Qxe4 Nf6 7.Qe2 Qd5 8.Nf3 Qe4
9.Qxe4 Nxe4 10.Bg2 e6 11.O-O Bd6 12.Re1 Nf6 13.d4 O-O 14.c4 Nbd7 15.c5 Bc7
16.Bd2 Nd5 17.b4 a5 18.a3 Rfb8 19.Bf1 b5 20.cxb6 Rxb6 21.Kg2 axb4 22.axb4 Rxa1
23.Rxa1 Nxb4 24.Bxb4 Rxb4 25.Ra7 Bb6 26.Rxd7 f6 27.Bd3 c5 28.dxc5 Bxc5 29.Rc7
Bb6 30.Rc2 e5 31.Bc4+ Kf8 32.Nd2 Ke7 33.f3 Be3 34.Ne4 Bd4 35.h4 h6 36.g4 g6
37.Ng3 Rb1 38.h5 gxh5 39.Nxh5 Rg1+ 40.Kh2 Rb1 41.Ng3 Rb8 42.Kg2 Kf8 43.Nf5 Rd8
44.Nxh6 Be3 45.Nf5 Rd2+ 46.Rxd2 Bxd2 47.Kf2 Bf4 48.Ke2 Ke8 49.Be6 Kf8 50.Kd3 Ke8
51.Ke4 Bg5 52.Kd5 Kf8 53.Kd6 Ke8 54.Bd5 Bf4 55.Ke6 Bg5 56.Ng3

[Event "2. Bundesliga West 2008/2009"]
[Site "Salzburg"]
[Date "2008.10.18"]
[Round "2"]
[Board "2"]
[White "Navratil, Robert"]
[Black "Dovzik, Juri"]
[Result "0-1"]
[WhiteElo "2127"]
[BlackElo "2395"]
[PlyCount "84"]
[EventDate "2008.10.17"]
[EventType "team"]
[EventRounds "11"]
[EventCountry "AUT"]
[WhiteTeam "ASK Salzburg"]
[BlackTeam "ATSV Ranshofen"]

1.e4 c5 2.Nf3 e6 3.d4 cxd4 4.Nxd4 Nc6 5.Nb5 d6 6.c4 Nf6 7.N1c3 a6 8.Na3 Be7
9.Be3 b6 10.Be2 Bb7 11.O-O Nb8 12.f3 Nbd7 13.Qd2 O-O 14.Rfd1 Qc7 15.Rac1 Rac8
16.Bf1 Qb8 17.Qf2 Bd8 18.Nc2 Bc7 19.Qh4 Rfe8 20.a3 h6 21.Nd4 Ne5 22.b3 Ng6
23.Qh3 d5 24.exd5 Nf4 25.Qh4 Ng6 26.Qh3 exd5 27.Nf5 Rcd8 28.Bxh6 Bc8 29.Bd2 Nf4
30.Bxf4 Bxf4 31.Rc2 g6 32.g4 d4 33.Nd5 Nxd5 34.cxd5 Rxd5 35.Ng3 Kg7 36.Bc4 Rde5
37.Nf1 b5 38.Bd3 Bb7 39.Qg2 Bd5 40.Rb1 Qb7 41.Be2 Rxe2 42.Rxe2 Bxf3

[Event "2. Bundesliga West 2008/2009"]
[Site "Salzburg"]
[Date "2008.10.18"]
[Round "2"]
[Board "3"]
[White "Webersberger, Johann"]
[Black "Teufl, Siegfried"]
[Result "1-0"]
[WhiteElo "2265"]
[BlackElo "2200"]
[PlyCount "61"]
[EventDate "2008.10.17"]
[EventType "team"]
[EventRounds "11"]
[EventCountry "AUT"]
[WhiteTeam "ATSV Ranshofen"]
[BlackTeam "ASK Salzburg"]

1.c4 c5 2.g3 g6 3.Bg2 Bg7 4.Nc3 Nc6 5.a3 a6 6.Rb1 Rb8 7.b4 cxb4 8.axb4 b5 9.cxb5
axb5 10.Nf3 Nf6 11.d4 Qb6 12.O-O d5 13.Bf4 Ra8 14.Qd3 Ba6 15.Ne5 e6 16.e4 Qxd4
17.exd5 Qxd3 18.Nxd3 Nd4 19.Be5 Nh5 20.Bxg7 Nxg7 21.dxe6 Rd8 22.Nc5 Bc8 23.exf7+
Kxf7 24.Ra1 Rhe8 25.Ra7+ Kf8 26.Nd5 Rd6 27.h3 Bxh3 28.Bxh3 Rxd5 29.Nd7+ Rxd7
30.Rxd7 Nc6 31.Rc1

[Event "2. Bundesliga West 2008/2009"]
[Site "Salzburg"]
[Date "2008.10.18"]
[Round "2"]
[Board "5"]
[White "Bensch, Patrick"]
[Black "Loeffler, Christoph"]
[Result "1-0"]
[WhiteElo "2228"]
[BlackElo "2166"]
[PlyCount "119"]
[EventDate "2008.10.17"]
[EventType "team"]
[EventRounds "11"]
[EventCountry "AUT"]
[WhiteTeam "ATSV Ranshofen"]
[BlackTeam "ASK Salzburg"]

1.e4 c6 2.d4 d5 3.e5 Bf5 4.Nd2 e6 5.Nb3 c5 6.Nxc5 Bxc5 7.dxc5 Qa5+ 8.c3 Qxc5
9.Be3 Qc7 10.f4 Ne7 11.Nf3 Bg4 12.h3 Bxf3 13.Qxf3 h5 14.Bd3 Nbc6 15.O-O g6
16.Bf2 h4 17.Rfd1 O-O-O 18.b4 Kb8 19.Rab1 Nc8 20.a4 g5 21.b5 Na5 22.fxg5 Qxc3
23.Qf4 Nb6 24.Bd4 Qc7 25.Rdc1 Qd7 26.Qf2 Nc8 27.Rf1 Rdg8 28.Qxf7 Qxf7 29.Rxf7
Rxg5 30.Be3 Rg3 31.Rf3 Rhg8 32.Rxg3 Rxg3 33.Kf2 d4 34.Bd2 Rxd3 35.Bxa5 Ne7
36.Bd8 Nd5 37.Bxh4 Ra3 38.Bg5 Nc3 39.Re1 Rxa4 40.h4 d3 41.Ke3 d2 42.Kxd2 Ne4+
43.Ke3 Nxg5 44.hxg5 Rg4 45.Kf3 Rxg5 46.g4 Kc7 47.Kf4 Rg6 48.Rd1 a6 49.bxa6 bxa6
50.Rd6 Kb7 51.g5 a5 52.Kg4 Rg8 53.Kh5 a4 54.g6 a3 55.Kg5 a2 56.Rd1 Ra8 57.Ra1
Kc6 58.Kf6 Kd5 59.g7 Ke4 60.Rxa2

[Event "2. Bundesliga West 2008/2009"]
[Site "Salzburg"]
[Date "2008.10.18"]
[Round "2"]
[Board "6"]
[White "Scheiblmaier, Robert"]
[Black "Hackbarth, Wolfgang"]
[Result "0-1"]
[WhiteElo "2133"]
[BlackElo "2167"]
[PlyCount "61"]
[EventDate "2008.10.17"]
[EventType "team"]
[EventRounds "11"]
[EventCountry "AUT"]
[WhiteTeam "ASK Salzburg"]
[BlackTeam "ATSV Ranshofen"]

1.d4 Nf6 2.c4 g6 3.Nc3 Bg7 4.e4 d6 5.f3 O-O 6.Be3 Nc6 7.Nge2 e5 8.d5 Nb4 9.a3
Na6 10.b4 c5 11.b5 Nc7 12.a4 Nce8 13.Qd2 Qa5 14.g4 a6 15.Ng3 Bh8 16.h4 Bxg4
17.fxg4 Nxg4 18.Bg5 f6 19.Be2 Nf2 20.Kxf2 fxg5+ 21.Kg2 gxh4 22.Rxh4 Rf4 23.Rah1
Nf6 24.Nb1 Qxd2 25.Nxd2 axb5 26.axb5 Ra2 27.Rxf4 exf4 28.Ngf1 Nd7 29.Kf2 Bd4+
30.Kf3 g5 31.Kg4

[Event "2. Bundesliga West 2008/2009"]
[Site "Salzburg"]
[Date "2008.10.18"]
[Round "2"]
[Board "1"]
[White "Brumen, Dinko"]
[Black "Prusikin, Michael"]
[Result "0-1"]
[WhiteElo "2368"]
[BlackElo "2538"]
[PlyCount "96"]
[EventDate "2008.10.17"]
[EventType "team"]
[EventRounds "11"]
[EventCountry "AUT"]
[WhiteTeam "Sparkasse Schwarzach"]
[BlackTeam "Wuestenrot Inter Sbg Sued"]

1.e4 e6 2.d4 d5 3.Nc3 Nf6 4.Bd3 c5 5.Nf3 c4 6.Be2 Bb4 7.e5 Ne4 8.Bd2 Bxc3 9.Bxc3
Nxc3 10.bxc3 Qa5 11.Qd2 Nd7 12.h4 Nb6 13.Rh3 Bd7 14.Kf1 Qa3 15.h5 h6 16.Nh4 Na4
17.Rg3 Rg8 18.Kg1 b5 19.Kh2 a5 20.f4 Qe7 21.Rh3 b4 22.cxb4 axb4 23.g4 Nc3 24.Bf3
Ra3 25.g5 Kd8 26.Qg2 hxg5 27.fxg5 Kc7 28.Qd2 Rh8 29.Ng2 Rxa2 30.Rxa2 Nxa2 31.Ne3
Nc3 32.h6 gxh6 33.gxh6 f5 34.exf6 Qxf6 35.Ng4 Qf5 36.Ne5 Ba4 37.Qg2 Qf4+ 38.Kh1
Qc1+ 39.Kh2 Qf4+ 40.Kh1 Qc1+ 41.Kh2 Qxc2 42.Nf7 Rb8 43.Bg4 Qxg2+ 44.Kxg2 b3
45.h7 b2 46.Rh1 Bd1 47.Bxd1 b1=Q 48.Bf3 Qg6+

[Event "2. Bundesliga West 2008/2009"]
[Site "Salzburg"]
[Date "2008.10.18"]
[Round "2"]
[Board "2"]
[White "Pitl, Gregory"]
[Black "Hecht, Hans-Joachim"]
[Result "1/2-1/2"]
[WhiteElo "2410"]
[BlackElo "2394"]
[PlyCount "59"]
[EventDate "2008.10.17"]
[EventType "team"]
[EventRounds "11"]
[EventCountry "AUT"]
[WhiteTeam "Wuestenrot Inter Sbg Sued"]
[BlackTeam "Sparkasse Schwarzach"]

1.c4 e6 2.Nc3 b6 3.e4 Bb7 4.Nf3 Bb4 5.Qc2 Ne7 6.d4 Bxc3+ 7.bxc3 d6 8.Bg5 h6
9.Bh4 g5 10.Bg3 f5 11.exf5 exf5 12.h4 f4 13.Bh2 Qd7 14.O-O-O Nbc6 15.hxg5 hxg5
16.Nxg5 Qg4 17.Ne4 O-O-O 18.Be2 Qg6 19.Bd3 Qh6 20.Qd2 d5 21.cxd5 Nxd5 22.g4 Qf8
23.g5 Kb8 24.g6 Rh3 25.f3 Rxf3 26.Qg2 Qa3+ 27.Qb2 Qe7 28.Qg2 Qa3+ 29.Qb2 Qe7
30.Qg2

[Event "2. Bundesliga West 2008/2009"]
[Site "Salzburg"]
[Date "2008.10.18"]
[Round "2"]
[Board "3"]
[White "Danner, Georg"]
[Black "Grafl, Florian"]
[Result "1/2-1/2"]
[WhiteElo "2440"]
[BlackElo "2404"]
[PlyCount "33"]
[EventDate "2008.10.17"]
[EventType "team"]
[EventRounds "11"]
[EventCountry "AUT"]
[WhiteTeam "Sparkasse Schwarzach"]
[BlackTeam "Wuestenrot Inter Sbg Sued"]

1.d4 f5 2.g3 Nf6 3.Bg2 e6 4.Nf3 Be7 5.O-O O-O 6.c4 d6 7.Nc3 Ne4 8.Qd3 Nxc3
9.bxc3 Nc6 10.e4 e5 11.dxe5 dxe5 12.Qd5+ Kh8 13.exf5 Bxf5 14.Re1 Bf6 15.Ba3 Re8
16.Rad1 Qc8 17.Bc1

[Event "2. Bundesliga West 2008/2009"]
[Site "Salzburg"]
[Date "2008.10.18"]
[Round "2"]
[Board "4"]
[White "Pflug, Mathias"]
[Black "Huber, David"]
[Result "1-0"]
[WhiteElo "2237"]
[BlackElo "2176"]
[PlyCount "77"]
[EventDate "2008.10.17"]
[EventType "team"]
[EventRounds "11"]
[EventCountry "AUT"]
[WhiteTeam "Wuestenrot Inter Sbg Sued"]
[BlackTeam "Sparkasse Schwarzach"]

1.e4 Nc6 2.Nf3 Nf6 3.e5 Ng4 4.d4 d6 5.h3 Nh6 6.exd6 exd6 7.c3 Bf5 8.Bd3 Qd7
9.Qe2+ Be7 10.d5 Ne5 11.Nxe5 dxe5 12.Bb5 c6 13.dxc6 bxc6 14.Bc4 Rd8 15.O-O Bxh3
16.Bxh6 gxh6 17.Qh5 Be6 18.Qxe5 Rg8 19.Bxe6 Qxe6 20.Qf4 Bd6 21.Qf3 Kf8 22.Nd2
Rg4 23.Rfe1 Qg6 24.Re4 Rg5 25.Nc4 Rf5 26.Qe3 Bc5 27.Rd4 Bxd4 28.cxd4 Rg5 29.g3
Qe6 30.Ne5 c5 31.f4 Rh5 32.g4 Rxe5 33.Qxe5 Qxg4+ 34.Kf2 Qh4+ 35.Kf3 Qh3+ 36.Kf2
Qh4+ 37.Kf3 Rxd4 38.Qxc5+ Ke8 39.Qxd4

[Event "2. Bundesliga West 2008/2009"]
[Site "Jenbach"]
[Date "2008.10.19"]
[Round "3"]
[Board "1"]
[White "Lanka, Zigurds"]
[Black "Reich, Thomas"]
[Result "1/2-1/2"]
[WhiteElo "2494"]
[BlackElo "2425"]
[PlyCount "63"]
[EventDate "2008.10.17"]
[EventType "team"]
[EventRounds "11"]
[EventCountry "AUT"]
[WhiteTeam "Mayrhofen/Zillertal"]
[BlackTeam "Sparkasse Jenbach II"]

{1056MB, Fritz9.ctg}  1.e4 c5 2.Nf3 g6 3.d4 cxd4 4.Nxd4 Bg7 5.Nc3 Nc6 6.Be3 Nf6
7.Bc4 O-O 8.Bb3 d6 9.f3 Bd7 10.Qd2 Ne5 11.h4 Rc8 12.O-O-O Nc4 13.Bxc4 Rxc4 14.g4
Qa5 15.Nb3 Qe5 16.Bd4 Qe6 17.Kb1 Rfc8 18.Rhe1 b5 19.Re2 b4 20.Nd5 Bb5 21.Nf4 Qd7
22.g5 Rxd4 23.Nxd4 Bxe2 24.Ndxe2 Ne8 25.h5 a5 26.hxg6 hxg6 27.Nd5 Rc5 28.f4 Nc7
29.Nxc7 Qxc7 30.Qd3 Qc8 31.Rf1 Qe6 32.Ng3

[Event "2. Bundesliga West 2008/2009"]
[Site "Jenbach"]
[Date "2008.10.19"]
[Round "3"]
[Board "2"]
[White "Deglmann, Ludwig"]
[Black "Gross, David"]
[Result "1/2-1/2"]
[WhiteElo "2336"]
[BlackElo "2485"]
[PlyCount "61"]
[EventDate "2008.10.17"]
[EventType "team"]
[EventRounds "11"]
[EventCountry "AUT"]
[WhiteTeam "Sparkasse Jenbach II"]
[BlackTeam "Mayrhofen/Zillertal"]

{1056MB, Fritz9.ctg}  1.d4 Nf6 2.Nf3 e6 3.e3 b6 4.Bd3 Bb7 5.O-O Be7 6.b3 c5
7.Bb2 cxd4 8.Nxd4 O-O 9.c4 Nc6 10.Nc3 Ne5 11.Bc2 a6 12.f3 d6 13.Qe1 Re8 14.Rd1
g6 15.Nde2 Qc7 16.Qg3 Rac8 17.Nf4 Bf8 18.Ne4 Bxe4 19.fxe4 Ned7 20.e5 dxe5 21.Nd3
Ne4 22.Qh4 f5 23.Ne1 Be7 24.Qh3 Ng5 25.Qg3 e4 26.Rxd7 Qxd7 27.Qe5 Bf8 28.Qh8+
Kf7 29.Qf6+ Kg8 30.Qh8+ Kf7 31.Qf6+

[Event "2. Bundesliga West 2008/2009"]
[Site "Jenbach"]
[Date "2008.10.19"]
[Round "3"]
[Board "3"]
[White "Maiwald, Jens-Uwe"]
[Black "Micheli, Carlo"]
[Result "1-0"]
[WhiteElo "2500"]
[BlackElo "2289"]
[PlyCount "97"]
[EventDate "2008.10.17"]
[EventType "team"]
[EventRounds "11"]
[EventCountry "AUT"]
[WhiteTeam "Mayrhofen/Zillertal"]
[BlackTeam "Sparkasse Jenbach II"]

{1056MB, Fritz9.ctg}  1.e4 c5 2.Nc3 e6 3.g3 Nc6 4.Bg2 g6 5.d3 Bg7 6.Nge2 Nge7
7.O-O d6 8.Rb1 b6 9.Bg5 Bb7 10.Qd2 h6 11.Be3 Nd4 12.f4 Qd7 13.Bf2 Nec6 14.Nxd4
Nxd4 15.Nd1 f5 16.c3 Nc6 17.Ne3 O-O 18.Rbd1 Rad8 19.a3 Ne7 20.b4 cxb4 21.axb4
Qc8 22.Qa2 Nc6 23.exf5 gxf5 24.b5 Na5 25.Bxb7 Nxb7 26.Qxa7 d5 27.Nc2 Bxc3 28.Nd4
Bxd4 29.Bxd4 Qd7 30.Qxb6 Nd6 31.Rb1 Rb8 32.Qc6 Rfd8 33.Qxd7 Rxd7 34.b6 Rc8
35.Rfc1 Rxc1+ 36.Rxc1 Kf7 37.Be5 Ke7 38.Rc6 Nb7 39.Kf2 Na5 40.Rc5 Nb7 41.Rc2 Nd6
42.Rc6 Nb7 43.Ke3 Nd8 44.Rc8 Rb7 45.Rc7+ Ke8 46.Bd4 Rb8 47.Bc5 Rb7 48.d4 h5
49.Kf3

[Event "2. Bundesliga West 2008/2009"]
[Site "Jenbach"]
[Date "2008.10.19"]
[Round "3"]
[Board "4"]
[White "Kleissl, Helmut"]
[Black "Schiestl, Josef"]
[Result "1/2-1/2"]
[WhiteElo "2281"]
[BlackElo "2147"]
[PlyCount "35"]
[EventDate "2008.10.17"]
[EventType "team"]
[EventRounds "11"]
[EventCountry "AUT"]
[WhiteTeam "Sparkasse Jenbach II"]
[BlackTeam "Mayrhofen/Zillertal"]

{1056MB, Fritz9.ctg}  1.c4 Nf6 2.Nc3 g6 3.g3 Bg7 4.Bg2 O-O 5.e4 d6 6.Nge2 e5
7.O-O Nc6 8.d3 Nd4 9.Nxd4 exd4 10.Ne2 Ne8 11.h3 c6 12.b4 a5 13.Bb2 axb4 14.Bxd4
Ra5 15.Qd2 c5 16.Bxg7 Nxg7 17.Rab1 b5 18.Rfd1